• 首页
  • 本馆介绍
  • 公告通知
  • 最新文献
  • 馆藏检索
  • 电子资源
  • 读者导购
  • 参考咨询
  • 我的图书馆
  • 登录
  • 详细信息显示
  • 放入我的书架
  • 预约/预借图书
  • 作者相关作品
  • 分类相关作品
  • 丛书相关作品
  • 出版社相关作品

书目信息

  • 表格格式
  • 工作单格式
  • 卡片格式
题名:
运动生理学
    
 
作者: 体育院系教材编审委员会 编
分册:  
出版信息: 北京   人民体育出版社  1978.09
页数: 302页
开本: 26cm
丛书名: 体育系通用教材
单 册:
中图分类: G804.1
科图分类:
主题词: 体育理论
电子资源:
ISBN:
000 00636nam0 2200217 45
001 0310271570
005 20031219104120.2
010    @dCNY
100    @a20031027d1978 km y0chiy0120 ea
101 0  @achi
105    @a z 000yy
200 1  @a运动生理学@AYun Dong Sheng Li Xue@f体育院系教材编审委员会编@FTi Yu Yuan Xi Jiao Cai Bian Shen Wei Yuan Hui Bian
210    @a北京@c人民体育出版社@d1978.09
215    @a302页@d26cm
225    @a体育系通用教材
410    @12001 @a体育系通用教材
606 0  @a体育理论
690    @aG804.1@v3
701  0 @a体育院系教材编审委员会@4编
801    @aCN@bTSTC@c20031027
905    @f1@b3727@dG804.1@e1
    
    运动生理学/体育院系教材编审委员会编.-北京:人民体育出版社,1978.09
    302页;26cm.-(体育系通用教材)
    
    
    ISBN :CNY
    
●
相关链接 在E读中查询图书 在五车中查询图书 在当当中查询图书 在豆瓣中查询图书


正题名:运动生理学     索取号:G804.1/1         预约/预借

序号 登录号 条形码 馆藏地/架位号 状态 备注
1 0003727   001516746   密集书库/ [索取号:G804.1/1] 在馆    
唐山师范学院图书馆 欢迎您!
大连网信软件有限公司© 版权所有